Bridget Jones's Diary: a novel

Bibliographic Details
Main Author: Fielding H. Helen
Summary:Helen Fielding was born in Yorkshire. She worked for many years in London as a newspaper and TV journalist, travelling as wildly and as often as possible to Africa, India and Central America. She has written four novels: Cause Celeb (1994), Bridget Jones's Diary (1996) and Bridget Jones: The Edge of Reason (2000), and Olivia Joules and the Overactive Imagination (2003). She co-wrote the screen­plays for the movies of Bridget Jones's Diary and the sequel based on The Edge of Reason. She now works full-time as a novelist and screenwriter and lives in London and Los Angeles.
Language:English
Published: London, Picador, 2001
Subjects:
Format: Book
KOHA link:https://koha.lib.tpu.ru/cgi-bin/koha/opac-detail.pl?biblionumber=329540

MARC

LEADER 00000nam0a2200000 4500
001 329540
005 20231102004154.0
010 |a 9780330375252 
035 |a (RuTPU)RU\TPU\book\355300 
090 |a 329540 
100 |a 20170316d2001 m y0rusy50 ca 
101 0 |a eng 
102 |a GB 
105 |a a z 000ay 
200 1 |a Bridget Jones's Diary  |e a novel  |f H. Fielding 
210 |a London  |c Picador  |d 2001 
215 |a 307 p. 
330 |a Helen Fielding was born in Yorkshire. She worked for many years in London as a newspaper and TV journalist, travelling as wildly and as often as possible to Africa, India and Central America. She has written four novels: Cause Celeb (1994), Bridget Jones's Diary (1996) and Bridget Jones: The Edge of Reason (2000), and Olivia Joules and the Overactive Imagination (2003). She co-wrote the screen­plays for the movies of Bridget Jones's Diary and the sequel based on The Edge of Reason. She now works full-time as a novelist and screenwriter and lives in London and Los Angeles. 
606 1 |a Английский язык  |x Учебные руководства и пособия  |x Хрестоматии, книги для чтения  |2 stltpush  |3 (RuTPU)RU\TPU\subj\29075  |9 52487 
610 1 |a английская литература 
610 1 |a романы 
610 1 |a любовь 
686 |a Ш143.21-923.8  |v LBC/SL-A  |2 rubbk 
700 1 |a Fielding  |b H.  |g Helen 
801 1 |a RU  |b 63413507  |c 20170316 
801 2 |a RU  |b 63413507  |c 20170327  |g RCR 
942 |c BK